000 00304nam a2200121Ia 4500
005 20251222143235.0
008 251222s9999||||xx |||||||||||||| ||spa||
020 _a978-9972-2970-2-1
082 _a338.985/O77I/2006
245 0 _aInforme Económico 2006:
264 _bFondo Editorial UCSS
942 _cLIB
999 _c14348
_d14348